University Home | Library Home | Institutional Repository

Introduction to Islam / (Record no. 151791)

MARC details
000 -LEADER
fixed length control field 00769cam9a220021700 4500
001 - CONTROL NUMBER
control field tmp15210195
003 - CONTROL NUMBER IDENTIFIER
control field UPRA
005 - DATE AND TIME OF LATEST TRANSACTION
control field 20190823110859.0
008 - FIXED-LENGTH DATA ELEMENTS--GENERAL INFORMATION
fixed length control field 950717n ua eng u
035 ## - SYSTEM CONTROL NUMBER
System control number (Sirsi) r100609
035 ## - SYSTEM CONTROL NUMBER
System control number (UPRA)tmp15210195
040 ## - CATALOGING SOURCE
Transcribing agency UPRA
100 2# - MAIN ENTRY--PERSONAL NAME
Personal name Al-Khatib, Abdel Kerim.
Linkage A58862.1
245 10 - TITLE STATEMENT
Title Introduction to Islam /
Statement of responsibility, etc. tr. by Ismail Kashmiri ; rev. by Dr. Badawi Abdel Latif.
260 ## - PUBLICATION, DISTRIBUTION, ETC.
Place of publication, distribution, etc. [Cairo] :
Name of publisher, distributor, etc. Supreme Council for Islamic Affairs.
440 #0 - SERIES STATEMENT/ADDED ENTRY--TITLE
Title Studies in Islam series
Linkage S9619.1
650 #0 - SUBJECT ADDED ENTRY--TOPICAL TERM
Topical term or geographic name entry element Islam -- Handbooks, manuals, etc.
General subdivision Islam -- Handbooks, manuals, etc.
Linkage S45280.1
949 ## - LOCAL PROCESSING INFORMATION (OCLC)
a BP161.2
w lcc
i -143400
m MAIN
t BOOK
l ON-SHELF
949 ## - LOCAL PROCESSING INFORMATION (OCLC)
a BP161.2
w lcc
i 33729005760330
m MAIN
t BOOK
l ON-SHELF
Holdings
Withdrawn status Lost status Source of classification or shelving scheme Damaged status Not for loan Home library Current library Shelving location Total Checkouts Full call number Barcode Date last seen Copy number Price effective from Koha item type
    Library of Congress Classification     Main Library Main Library On Shelf   BP161.2 33729005761932 08/23/2019 1 08/23/2019 Book
    Library of Congress Classification     Main Library Main Library On Shelf   BP161.2 33729005760330 08/23/2019 2 08/23/2019 Book
© 2026 - The University of Zambia Library - Koha v25.11